Manufacturing planning and control for supply chain management / (Record no. 357720)
[ view plain ]
| 000 -LEADER | |
|---|---|
| fixed length control field | 00586nam a2200217Ia 4500 |
| 008 - FIXED-LENGTH DATA ELEMENTS--GENERAL INFORMATION | |
| fixed length control field | 180523s9999 xx 000 0 und d |
| 020 ## - INTERNATIONAL STANDARD BOOK NUMBER | |
| International Standard Book Number | 007-112133-1 |
| 050 ## - LIBRARY OF CONGRESS CALL NUMBER | |
| Classification number | MAIN TS 176 |
| 050 ## - LIBRARY OF CONGRESS CALL NUMBER | |
| Item number | .M36 2005 c.1 |
| 245 #0 - TITLE STATEMENT | |
| Title | Manufacturing planning and control for supply chain management / |
| 245 #0 - TITLE STATEMENT | |
| Statement of responsibility, etc | Thomas E. Vollmann… [et al]. |
| 250 ## - EDITION STATEMENT | |
| Edition statement | 5th Edition |
| 260 ## - PUBLICATION, DISTRIBUTION, ETC. (IMPRINT) | |
| Place of publication, distribution, etc | New York : |
| 260 ## - PUBLICATION, DISTRIBUTION, ETC. (IMPRINT) | |
| Name of publisher, distributor, etc | McGraw-Hill, |
| 260 ## - PUBLICATION, DISTRIBUTION, ETC. (IMPRINT) | |
| Date of publication, distribution, etc | 2005 |
| 300 ## - PHYSICAL DESCRIPTION | |
| Extent | 712 pages : |
| 300 ## - PHYSICAL DESCRIPTION | |
| Dimensions | 23 cm. |
| 500 ## - GENERAL NOTE | |
| General note | Includes index. |
| 650 ## - SUBJECT ADDED ENTRY--TOPICAL TERM | |
| Topical term or geographic name as entry element | Production planning. |
| 650 ## - SUBJECT ADDED ENTRY--TOPICAL TERM | |
| General subdivision | Production control. |
| Withdrawn status | Lost status | Damaged status | Home library | Current library | Shelving location | Date acquired | Cost, normal purchase price | Total Checkouts | Full call number | Barcode | Date last seen | Price effective from | Koha item type |
|---|---|---|---|---|---|---|---|---|---|---|---|---|---|
| South Mansfield College | South Mansfield College | 03/07/2005 | 1.00 | MAIN TS 176 .M36 2005 c.1 | SMC00711 | 05/23/2018 | 05/23/2018 |